000 00266nam a2200109Ia 4500
008 200302s9999 xx 000 0 und d
100 _aSamuelson & Other
245 _aEconomics 7th ed.
260 _bTata Mcgraw-Hill Book Co. Ltd.
260 _c1997
300 _a792 P.,
999 _c1605
_d1605